000 00547nam a2200193Ia 4500
008 151119s9999||||xx |||||||||||||| ||und||
082 _a820
082 _bGKKV30720
100 _a"sharma, ravindra"
245 _aHuman rights challenges and institutional responses
260 _a--
260 _b--
260 _c2008
600 _a"sharma, ravindra"
630 _aHuman rights challenges and institutional responses
700 _a"sharma, ravindra"
730 _aHuman rights challenges and institutional responses
942 _cBOOK
999 _c1083049
_d1083046